Steve Jobs: la biografía

Guardat en:
Dades bibliogràfiques
Autor principal: Isaacson, Walter (Autor)
Format: Llibre
Idioma:espanyol
Publicat: Santiago Random House Mondadori 2011
Edició:2a. ed
Col·lecció:Debate. Biografía
Matèries:
Etiquetes: Afegir etiqueta
Sense etiquetes, Sigues el primer a etiquetar aquest registre!

MARC

LEADER 00000cam a2200000 a 4500
001 UCG9987
003 CL-VaPUC
008 120420e20111100CL |||||||||||||||||spa|d
020 |a 9789568410575 
082 0 4 |a 621.39092  |b ISA  |2 21 
100 |a Isaacson, Walter  |e author  |9 578177 
245 1 0 |a Steve Jobs: la biografía 
250 |a 2a. ed 
300 |a 736 p 
942 |c BK 
945 |d 20120420 00:00:00  |a dcastane 
260 |a Santiago  |b Random House Mondadori  |c 2011 
600 0 7 |a JOBS, STEVEN PAUL  |2 CL-VaPUC  |9 561776 
600 0 7 |a APPLE  |2 CL-VaPUC  |9 561777 
650 0 |a Biografías  |9 255210 
650 7 |a INGENIEROS COMPUTACIONALES  |2 CL-VaPUC  |9 561778 
650 0 |a Negocios  |9 262468 
650 0 |a Economía   |9 255568 
650 0 |a Tecnología  |9 256742 
650 0 |a Ingeniería   |9 259380 
583 |a last modification  |c 20120420 11:58:00  |k Rodrigo Vera 
490 0 |a Debate. Biografía 
999 |c 347511  |d 347509 
952 |0 0  |1 0  |4 0  |6 621_390920000000000_ISA_2011  |7 0  |8 A  |9 448912  |a BIBING  |b BIBING  |d 2019-11-22  |i 4852729  |o 621.39092 ISA 2011  |p 4852729  |r 2025-01-20  |w 2019-11-22  |y BK  |k CUI 
952 |0 0  |1 0  |4 0  |6 621_390920000000000_ISA_2011  |7 0  |8 A  |9 448913  |a BIBENE  |b BIBENE  |d 2019-11-22  |i 4857747  |o 621.39092 ISA 2011  |p 4857747  |r 2025-01-15  |w 2019-11-22  |y BK  |k ICO 
952 |0 0  |1 0  |4 0  |6 621_390920000000000_ISA_2011  |7 0  |8 A  |9 448914  |a BIBING  |b BIBING  |d 2019-11-22  |i 4874846  |l 1  |o 621.39092 ISA 2011  |p 4874846  |r 2025-01-20  |s 2022-05-12  |w 2019-11-22  |y BK  |k CUI